Textes d'histoire médiévale, Ve-XIe siècle /

محفوظ في:

المؤلف الرئيسي: Latouche, Robert, 1881-1973 (مؤلف)

التنسيق: كتاب

اللغة: French
Undetermined

منشور في: Paris : Presses universitaires de France, 1951.

سلاسل: Publications de la Faculté des lettres (Université de Grenoble) ; 2.

الموضوعات:

الوسوم: إضافة وسم

لا توجد وسوم, كن أول من يضع وسما على هذه التسجيلة!

رقم الطلب: D113.5 .L28 1951

LEADER 00912nam a2200265I 4500
001 6877
003 OSt
005 20251123124744.0
008 130303s1951 fr b 000 0 fre d
010 |a 51006383 
035 |a ocm04718478 
040 |c ARCE Library 
041 1 |a fre  |h und 
050 4 |a D113.5 .L28 1951 
100 1 |a Latouche, Robert,  |d 1881-1973,  |e author  |9 34491 
245 1 0 |a Textes d'histoire médiévale, Ve-XIe siècle /  |c [présentés et traduits par Robert Latouche]. 
264 1 |a Paris :   |b Presses universitaires de France,   |c 1951. 
300 |a 274 pages ;  |c 22 cm. 
490 1 |a Université de Grenoble. Publications de la Faculté des lettres ;   |v 2. 
504 |a Includes bibliographical references. 
650 0 |a Middle Ages   |x History   |v Sources. 
830 0 |a Publications de la Faculté des lettres (Université de Grenoble) ;  |v 2. 
901 |a reviewed 
942 |c BK  |2 lcc 
999 |c 4519  |d 4519